ՀՀ Գիտությունների ազգային ակադեմիայի հիմնարար գիտական գրադարան  =   Fundamental Scientific Library of NAS RA
Normal view MARC view

Entry Personal Name

Number of records used in: 2

001 - CONTROL NUMBER

  • control field: 6585

003 - CONTROL NUMBER IDENTIFIER

  • control field: AM-YEHGA

005 - DATE AND TIME OF LATEST TRANSACTION

  • control field: 20250617070508.0

008 - FIXED-LENGTH DATA ELEMENTS

  • fixed length control field: 150616|| aca||aabn | a|a d

040 ## - CATALOGING SOURCE

  • Original cataloging agency: AM-YEHGA

100 1# - HEADING--PERSONAL NAME

  • Personal name: Ժանսեմ,
  • Dates associated with a name: 1920-2013

400 1# - SEE FROM TRACING--PERSONAL NAME

  • Personal name: Ժանսեմ, Ժան,
  • Dates associated with a name: 1920-2013

400 1# - SEE FROM TRACING--PERSONAL NAME

  • Personal name: Սեմերճյան, Հովհաննես Միրիջանի,
  • Dates associated with a name: 1920-2013

400 1# - SEE FROM TRACING--PERSONAL NAME

  • Personal name: Սեմերջյան, Հովհաննես Միրիջանի,
  • Dates associated with a name: 1920-2013

400 1# - SEE FROM TRACING--PERSONAL NAME

  • Personal name: Жансем, Жан,
  • Dates associated with a name: 1920-2013

400 1# - SEE FROM TRACING--PERSONAL NAME

  • Personal name: Семерджян, Ованес,
  • Dates associated with a name: 1920-2013

400 1# - SEE FROM TRACING--PERSONAL NAME

  • Personal name: Jean Jansem,
  • Dates associated with a name: 1920-2013

400 1# - SEE FROM TRACING--PERSONAL NAME

  • Personal name: Semerdjian, Hovhannes,
  • Dates associated with a name: 1920-2013

670 ## - SOURCE DATA FOUND

  • Source citation: Ով ով է. հայեր: Կենսագրական հանրագիտարան, հտ. 1, 2005.
  • Information found: էջ 456 (Ժանսեմ [Սեմերճյան Հովհաննես Միրիջանի, ծ. 9.3.1920, Սելեզ, Թուրքիա], նկարիչ)։
  • Uniform Resource Identifier: <a href=" https://ru.wikipedia.org/wiki/%D0%96%D0%B0%D0%BD%D1%81%D0%B5%D0%BC,_%D0%96%D0%B0%D0%BD"target="_blank">Википедия</a>


ՀՀ ԳԱԱ հիմնարար գիտական գրադարան
ՀՀ,Երևան 0019
Մարշալ Բաղրամյան 24/6
հեռախոս:(374-10) 52-47-50
Հետադարձ կապ

All site content, except where otherwise noted, is licensed under a
Creative Commons License